Functional programming is scala/ (Registro nro. 322794)

Detalles MARC
000 -ENCABEZADO
Número de control [NR] 00963nam a22002537a 4500
005 - FECHA Y HORA DE LA ÚLTIMA TRANSACCIÓN
control field 20260120143100.0
008 - DE LONGITUD FIJA DE DATOS DE ELEMENTOS - INFORMACIÓN GENERAL
Elementos de longitud fija [NR] 230630b ||||| |||| 00| 0 eng d
020 ## - NUMERO INTERNACIONAL NORMALIZADO PARA LIBROS [R]
Número Internacional Normalizado del libro [NR] 9781617299582
040 ## - FUENTE DE CATALOGACION [NR]
Agencia de catalogación original [NR] CO-BoUCM
Quien Cataloga David Moreno
Quien Clasifica David Moreno
041 ## - CODIGO DE IDIOMA [R]
Código de idioma para texto/pista de sonido o título separado [R] Inglés
100 ## - ASIENTO PRINCIPAL--NOMBRE PERSONAL [NR]
Nombre personal [NR] Pilquist, Michael
ID Autoridad 178024
245 1# - MENCION DE TITULO [NR]
Título [NR] Functional programming is scala/
Mención de responsabilidad, etc. [NR] Michael Pilquist, Rúnar Bjarnason, Paul Chiusano.
250 ## - MENCION DE EDICION [NR]
Mención de edición [NR] Segunda edición
260 ## - PUBLICACION, DISTRIBUCION, ETC. (PIE DE IMPRENTA) [R]
Lugar de publicación, distribución, etc. [R] Shelter Island
Nombre del editor, distribuidor, etc. [R] Manning
Fecha de publicación, distribución, etc. [R] 2015
300 ## - DESCRIPCION FISICA [R]
Extensión [R] xx, 300 Páginas
Otros detalles físicos [NR] ilustraciones
500 ## - NOTA GENERAL [R]
Nota general [NR] Prólogos de Martin Odersky y Daniel Spiewak.
504 ## - NOTA DE BIBLIOGRAFIA, ETC. [R]
Nota de bibliografía, etc. [NR] Incluye referencias bibliográficas e índices
650 14 - ASIENTO SECUNDARIO DE MATERIA - TERMINO TEMATICO [R]
Término temático o nombre geográfico como elemento de entrada [NR] Scala (Lenguaje de programación de computadores)
9 (RLIN) 178025
650 14 - ASIENTO SECUNDARIO DE MATERIA - TERMINO TEMATICO [R]
Término temático o nombre geográfico como elemento de entrada [NR] Programación funcional (Informática)
9 (RLIN) 178026
700 14 - ASIENTO SECUNDARIO - NOMBRE PERSONAL [R]
Nombre personal [NR] Bjarnason, Rúnar.
9 (RLIN) 178027
700 14 - ASIENTO SECUNDARIO - NOMBRE PERSONAL [R]
Nombre personal [NR] Chiusano, Paul
9 (RLIN) 178028
942 ## - ELEMENTOS DE ENTRADA AGREGADOS (KOHA)
Sistema de clasificación DEWEY
Tema principal Generalidades
Tipo de ítem principal el descrito en 300a Libro
Edición 2
Clasificación 005.1
Parte restante de la signatura top. P643f
Título oculto en OPAC No
Existencias
Signatura topográfica Código de barras Última vez visto Ejemplar Costo de reposición Price effective from Tipo de ítem Perdido Sistema de clasificación Dañado No prestable Tipo de ítem específico Suprimido Ubicación habitual Ubicación actual Localización Fecha de creación Forma de adquisición Costo
005.1 P643f 100171438 10/12/2025 Ej.1 316704.00 30/06/2023 Libro   DEWEY     Libro   Sede del emprendimiento y la innovación Sede del Emprendimiento, Innovación y Creación 1er piso 30/06/2023 Compra 316704.00